<?xml version="1.0" encoding="UTF-8"?>
<record
    xmlns:xsi="http://www.w3.org/2001/XMLSchema-instance"
    xsi:schemaLocation="http://www.loc.gov/MARC21/slim http://www.loc.gov/standards/marcxml/schema/MARC21slim.xsd"
    xmlns="http://www.loc.gov/MARC21/slim">

  <leader>01333    a2200217   4500</leader>
  <controlfield tag="001">59176</controlfield>
  <controlfield tag="005">20260407155846.0</controlfield>
  <controlfield tag="008">260407a1964    arg                 spa d</controlfield>
  <controlfield tag="003">AR-UNSa-BCEJYS</controlfield>
  <datafield tag="040" ind1=" " ind2=" ">
    <subfield code="a">AR-UNSa-BCEJYS</subfield>
    <subfield code="b">spa</subfield>
    <subfield code="c">AR-UNSa-BCEJYS</subfield>
  </datafield>
  <datafield tag="080" ind1=" " ind2=" ">
    <subfield code="a">339.92</subfield>
    <subfield code="x">Cooperaci&#xF3;n econ&#xF3;mica internacional. Integraci&#xF3;n econ&#xF3;mica internacional</subfield>
  </datafield>
  <datafield tag="245" ind1="1" ind2="0">
    <subfield code="a">Teor&#xED;a de la integraci&#xF3;n econ&#xF3;mica</subfield>
  </datafield>
  <datafield tag="264" ind1=" " ind2="1">
    <subfield code="a">M&#xE9;xico :</subfield>
    <subfield code="b">Uni&#xF3;n Tipogr&#xE1;fica Editorial Hispano-Americana (UTEHA)</subfield>
    <subfield code="c">1964</subfield>
  </datafield>
  <datafield tag="300" ind1=" " ind2=" ">
    <subfield code="a">332 p.</subfield>
    <subfield code="c">23 cm.</subfield>
  </datafield>
  <datafield tag="505" ind1=" " ind2=" ">
    <subfield code="a">Parte I: Est&#xE1;tica de la integraci&#xF3;n econ&#xF3;mica: 1. Movimiento de mercanc&#xED;as: aspectos de la producci&#xF3;n &#x2013; 2. Movimiento de mercanc&#xED;as: aspectos relativos al consumo y al bienestar &#x2013; 3. Movimiento de factores &#x2013; Parte II: Din&#xE1;mica de la integraci&#xF3;n econ&#xF3;mica: 4. Las fronteras nacionales y el crecimiento &#x2013; 5. Econom&#xED;as de escala &#x2013; 6. Econom&#xED;as externas &#x2013; 7. Factores din&#xE1;micos adicionales &#x2013; Parte III: Integraci&#xF3;n y pol&#xED;tica econ&#xF3;mica: 8. Problemas regionales en un mercado com&#xFA;n &#x2013; 9. Armonizaci&#xF3;n de las pol&#xED;ticas sociales &#x2013; 10. Los problemas fiscales en una uni&#xF3;n &#x2013; 11. La unificaci&#xF3;n monetaria y la balanza de pagos</subfield>
  </datafield>
  <datafield tag="041" ind1=" " ind2=" ">
    <subfield code="a">spa</subfield>
  </datafield>
  <datafield tag="942" ind1=" " ind2=" ">
    <subfield code="c">BK</subfield>
  </datafield>
  <datafield tag="590" ind1=" " ind2=" ">
    <subfield code="a">niveau_biblio:m niveau_hierar:0</subfield>
  </datafield>
  <datafield tag="100" ind1="1" ind2=" ">
    <subfield code="a">Balassa, Bela</subfield>
  </datafield>
  <datafield tag="700" ind1="1" ind2=" ">
    <subfield code="a">Casilla, Jorge Laris</subfield>
  </datafield>
  <datafield tag="999" ind1=" " ind2=" ">
    <subfield code="c">6606</subfield>
    <subfield code="d">6606</subfield>
  </datafield>
  <datafield tag="952" ind1=" " ind2=" ">
    <subfield code="0">0</subfield>
    <subfield code="1">0</subfield>
    <subfield code="4">0</subfield>
    <subfield code="7">0</subfield>
    <subfield code="a">BCEJYS</subfield>
    <subfield code="b">BCEJYS</subfield>
    <subfield code="c">16</subfield>
    <subfield code="d">2026-04-07</subfield>
    <subfield code="l">0</subfield>
    <subfield code="o">339.92 B171</subfield>
    <subfield code="p">L24398</subfield>
    <subfield code="r">2026-04-07 15:58:46</subfield>
    <subfield code="w">2026-04-07</subfield>
    <subfield code="y">L</subfield>
  </datafield>
  <datafield tag="952" ind1=" " ind2=" ">
    <subfield code="0">0</subfield>
    <subfield code="1">0</subfield>
    <subfield code="4">0</subfield>
    <subfield code="7">0</subfield>
    <subfield code="a">BCEJYS</subfield>
    <subfield code="b">BCEJYS</subfield>
    <subfield code="c">16</subfield>
    <subfield code="d">2026-04-07</subfield>
    <subfield code="l">0</subfield>
    <subfield code="o">339.92 B171</subfield>
    <subfield code="p">L23944</subfield>
    <subfield code="r">2026-04-07 15:58:46</subfield>
    <subfield code="w">2026-04-07</subfield>
    <subfield code="y">L</subfield>
  </datafield>
</record>
